Collected stories

Đã lưu trong:
Sonraí Bibleagrafaíochta
Príomhúdar: David Herbert Lawrence
Formáid: Leabhar
Teanga:Undetermined
Foilsithe: London Everyman's Library 1994
Ábhair:
Clibeanna: Cuir Clib Leis
Gan Chlibeanna, Bí ar an gcéad duine leis an taifead seo a chlibeáil!
Thư viện lưu trữ: Trung tâm Học liệu Trường Đại học Cần Thơ
LEADER 00536nam a2200181Ia 4500
001 CTU_33893
008 210402s9999 xx 000 0 und d
082 |a 823.9 
082 |b L419 
100 |a David Herbert Lawrence 
245 0 |a Collected stories 
245 0 |c David Herbert Lawrence 
260 |a London 
260 |b Everyman's Library 
260 |c 1994 
650 |a english fiction - 20th century,english literature,short stories, english 
904 |i Minh, 991116 
980 |a Trung tâm Học liệu Trường Đại học Cần Thơ